Enhancing the power system transient stability by using storage devices with high penetration of wind farms / (رقم التسجيلة. 164690)
[ عرض عادي ]
| 000 -LEADER | |
|---|---|
| fixed length control field | 02626nam a2200301Ia 4500 |
| 005 - DATE AND TIME OF LATEST TRANSACTION | |
| control field | 20250223033135.0 |
| 008 - FIXED-LENGTH DATA ELEMENTS--GENERAL INFORMATION | |
| fixed length control field | 231030s9999 xx 000 0 und d |
| 049 ## - LOCAL HOLDINGS (OCLC) | |
| Holding library | Deposit |
| 082 ## - DEWEY DECIMAL CLASSIFICATION NUMBER | |
| Classification number | 621.312136 |
| 097 ## - Thesis Degree | |
| Thesis Level | M.Sc. |
| 099 ## - LOCAL FREE-TEXT CALL NUMBER (OCLC) | |
| Classification number | Cai01.13.07.M.Sc.2022.Mo.E |
| 100 ## - MAIN ENTRY--PERSONAL NAME | |
| Personal name | Mostafa Ismail Elsayed Ismail Kandil, |
| 245 ## - TITLE STATEMENT | |
| Title | Enhancing the power system transient stability by using storage devices with high penetration of wind farms / |
| Statement of responsibility, etc. | by Mostafa Ismail Elsayed Ismail Kandil ; Mohamed Salah Mohamed El-Sobky, Amgad Amin Maged El-Deib. |
| 246 ## - VARYING FORM OF TITLE | |
| Title proper/short title | ﺗﻌﺰﯾﺰ اﻻﺳﺘﻘﺮار اﻟﻌﺎﺑﺮ لنظم الطاقة الكهربية باستخدام أنظمة ﺗﺨﺰﯾﻦ الطاقة ﻓﻲ ﺣﺎﻻت اﻻﺧﺘﺮاق اﻟﻌﺎلي لطاقة اﻟﺮﯾﺎح |
| 260 ## - PUBLICATION, DISTRIBUTION, ETC. | |
| Date of publication, distribution, etc. | 2022. |
| 336 ## - CONTENT TYPE | |
| Source | rda content |
| Content type term | text |
| 337 ## - MEDIA TYPE | |
| Source | rdamedia |
| Media type term | Unmediated |
| 338 ## - CARRIER TYPE | |
| Source | rdacarrier |
| Carrier type term | volume |
| 502 ## - DISSERTATION NOTE | |
| Dissertation note | Thesis (M.Sc.)-Cairo University,2022. |
| 504 ## - BIBLIOGRAPHY, ETC. NOTE | |
| Bibliography, etc. note | Bibliography: p. 69-71. |
| 520 ## - SUMMARY, ETC. | |
| Summary, etc. | The rapid need for utilization of renewable energy on a large scale in the electrical networks, was always limited by the power quality constrains. i.e., Transient stability. The low inertia of wind turbines kept their contribution to the utility scall networks to the minimum, so it can be curtailed in case of any disturbances. This thesis examines the Transient stability of a power system as wind energy penetration rises. This study looked at the implications of expanding the penetration of Doubly-Fed Induction Generator-based Wind Energy Conversion System in the power system. The analysis here were conducted for grid fault operations. The research case was an IEEE-9 bus test system. The student version of the power system analysis software PSSE Xplore V34 was used to run the simulations. Furthermore, the effects of integrating Energy storage device (Battery Energy storage System) to the system are investigated. The results demonstrate that integrating the BESS system into the network improved the study system’s transient stability. Using BESS to the system shows increasing of penetration level with 15%. Moreover, the optimum location for integrating the BESS system was investigated and general guidelines for the location was illustrated. As a result, for a transient-stable grid operation with rising wind energy penetration, energy storage devices should be included. |
| 650 ## - SUBJECT ADDED ENTRY--TOPICAL TERM | |
| Topical term or geographic name entry element | Wind power. |
| 653 ## - INDEX TERM--UNCONTROLLED | |
| Uncontrolled term | Wind power generation |
| 700 ## - ADDED ENTRY--PERSONAL NAME | |
| Personal name | Mohamed Salah Mohamed El-Sobky |
| 856 ## - ELECTRONIC LOCATION AND ACCESS | |
| Uniform Resource Identifier | <a href="http://172.23.153.220/th.pdf">http://172.23.153.220/th.pdf</a> |
| 905 ## - LOCAL DATA ELEMENT E, LDE (RLIN) | |
| Cataloger | Mohamady |
| 942 ## - ADDED ENTRY ELEMENTS (KOHA) | |
| Koha item type | Thesis |
| Source of classification or shelving scheme | Dewey Decimal Classification |
| Source of classification or shelving scheme | Not for loan | Home library | Current library | Date acquired | Full call number | Barcode | Date last seen | Koha item type |
|---|---|---|---|---|---|---|---|---|
| Dewey Decimal Classification | المكتبة المركزبة الجديدة - جامعة القاهرة | قاعة الرسائل الجامعية - الدور الاول | 11.02.2024 | Cai01.13.07.M.Sc.2022.Mo.E | 01010110086778000 | 30.10.2023 | Thesis |